Statystyki dla Zgadnij piłkarza 1

Kliknij tutaj aby rozwiązać quiz!

Ogólne statystyki

  • Ten quiz został rozwiązany 511 razy
  • Średni wynik to 7 z 11

Statystyki odpowiedzi

PodpowiedźPiłkarz% Poprawnych
7 złotych piłek
Messi
100%
5bramek w 9 minutLewandowski
99%
Najwięcej bramekRonaldo
98%
Bramkarz bayernuNeuer
82%
Najszybszymbappe
80%
Piłkarski magikNeymar
76%
Młody talent BarcelonyGavi
69%
Dostał ataku serca na euroEriksen
67%
Szwajcarski bramkarzSomer
36%
Najszybszy zawodnik na loDavies
25%
Z Ajaxu do BorussiHaler
10%

Rozkład punktacji

Percentyl według liczby udzielonych odpowiedzi

Procent ludzi z każdym wynikiem

Twoja historia wyników

Nie rozwiązałeś tego quizu